Desarrollo cognitivo

Uloženo v:
Podrobná bibliografie
Hlavní autor: Turner, Johanna (Autor)
Médium: Kniha
Jazyk:španělština
Vydáno: Barcelona CEAC 1981
Edice:Biblioteca de Ciencias de la Conducta
Témata:
Tagy: Přidat tag
Žádné tagy, Buďte první, kdo vytvoří štítek k tomuto záznamu!

MARC

LEADER 00000nam a2200000 a 4500
001 UCM8898
003 CL-VaPUC
008 030404e19810000SP |||||||||||||||||spa|d
082 0 4 |a 155.413  |b TUR  |2 21 
100 0 |a Turner, Johanna  |e author  |9 475191 
245 1 0 |a Desarrollo cognitivo 
300 |a 147 p 
942 |c BK 
945 |d 20030404 00:00:00  |a cmena 
260 |a Barcelona  |b CEAC  |c 1981 
650 0 |a Procesos mentales superiores  |9 330839 
650 0 |a Cognición   |9 270347 
650 0 |a Desarrollo cognitivo  |9 311398 
583 |a last modification  |c 20030404 00:00:00  |k Rodrigo Vera 
490 0 |a Biblioteca de Ciencias de la Conducta 
999 |c 303314  |d 303312 
952 |0 0  |1 0  |4 0  |6 155_413000000000000_TUR_1981  |7 0  |8 P  |9 364525  |a BIBEDU  |b BIBEDU  |c BIBEDU_PB  |d 2019-11-21  |i 3890244  |o 155.413 TUR 1981  |p 3890244  |r 2024-01-25  |w 2019-11-21  |y BK  |k BME